00486nam a2200145 a 4500008004100000020001800041050001900059100002100078245010600099260004200205300001900247350001100266500003400277650002900311160526s2014 ||||||||||||||||| || u a9781118305003 aTK 6592.G7 PER aPersico Raffaela10aIntroduction to ground penetrating radar: inverse scattering and data processingcby Raffaela Persico aHobokenbJohn Wiley & Sons, Incc2014 axxi,368p. ill. a124.00 aIncludes references and index aGROUND PENETRATING RADAR